Болезни кишечника в работе врача общей практики (семейного врача) (Запись № 12241915)

Подробности
000 -МАРКЕР
контрольное поле 01852nam1a2200265 i 4500
001 - ИДЕНТИФИКАТОР ЗАПИСИ
контрольное поле RU\NLR\BIBL_A\011550687
005 - ИДЕНТИФИКАТОР ВЕРСИИ
контрольное поле 20260503053810.0
035 ## - ДРУГИЕ СИСТЕМНЫЕ НОМЕРА
Идентификатор записи (NLR Aleph) 011550687
100 ## - ДАННЫЕ ОБЩЕЙ ОБРАБОТКИ
Данные общей обработки 20171129g20169999um y0rusy50 ca
101 0# - ЯЗЫК РЕСУРСА
Язык текста, звукозаписи и т.д. русский
102 ## - СТРАНА ПУБЛИКАЦИИ ИЛИ ПРОИЗВОДСТВА
Страна публикации Российская Федерация
105 ## - ПОЛЕ КОДИРОВАННЫХ ДАННЫХ: ТЕКСТОВЫЕ МАТЕРИАЛЫ, МОНОГРАФИЧЕСКИЕ
Кодированные данные о монографическом текстовом документе ||||z||||||||
200 1# - ЗАГЛАВИЕ И СВЕДЕНИЯ ОБ ОТВЕТСТВЕННОСТИ
Основное заглавие Болезни кишечника в работе врача общей практики (семейного врача)
Сведения, относящиеся к заглавию практическое пособие
Первые сведения об ответственности Министерство здравоохранения Чувашской Республики, Государственное автономное учреждение Чувашской Республики дополнительного профессионального образования "Институт усовершенствования врачей"
Последующие сведения об ответственности [авторы-составители: Л.В. Тарасова и др.
-- ответственный редактор: д.м.н., проф. Е.Г. Артемьева]
210 ## - ПУБЛИКАЦИЯ, РАСПРОСТРАНЕНИЕ И ДР.
Место издания, распространения и т.д. Чебоксары
Имя издателя, распространителя и т. д. ГАУ ДПО "Институт усовершенствования врачей" Минздрава Чувашии
Дата издания, распространения и т.д. 2016
215 ## - ФИЗИЧЕСКАЯ ХАРАКТЕРИСТИКА
Размеры 21
606 ## - НАИМЕНОВАНИЕ ТЕМЫ КАК ПРЕДМЕТ
Наименование темы Кишечник
Формальный подзаголовок Руководства, пособия и т.п
Тематический подзаголовок Болезни
Системный номер авторитетной/нормативной записи 953317
Идентификатор авторитетной/нормативной записи RU\NLR\AUTH\6635933
686 1# - ИНДЕКСЫ ДРУГИХ КЛАССИФИКАЦИЙ
Индекс Р413.3я77
702 #1 - ИМЯ ЛИЦА - ВТОРИЧНАЯ ОТВЕТСТВЕННОСТЬ
Код отношения Составитель
Начальный элемент ввода Тарасова
Часть имени, кроме начального элемента ввода Л. В.
Дополнения к именам, кроме дат д-р мед. наук
Даты 1972-
Расширение инициалов личного имени Лариса Владимировна
Системный номер авторитетной/нормативной записи 128206
Идентификатор авторитетной/нормативной записи RU\NLR\AUTH\770128233
702 #1 - ИМЯ ЛИЦА - ВТОРИЧНАЯ ОТВЕТСТВЕННОСТЬ
Начальный элемент ввода Артемьева
Часть имени, кроме начального элемента ввода Е. Г.
Расширение инициалов личного имени Елена Геннадьевна
Код отношения Редактор
712 02 - НАИМЕНОВАНИЕ ОРГАНИЗАЦИИ - ВТОРИЧНАЯ ОТВЕТСТВЕННОСТЬ
Код отношения Издающая организация
Начальный элемент ввода Институт усовершенствования врачей
Идентифицирующий признак Чебоксары
Системный номер авторитетной/нормативной записи 802703
Идентификатор авторитетной/нормативной записи RU\NLR\AUTH\8810153791
852 ## - МЕСТОНАХОЖДЕНИЕ И ШИФР ХРАНЕНИЯ
Идентификатор организации NLR
Шифр хранения (Call Number) 2017-3/32837
942 ## - ДОПОЛНИТЕЛЬНЫЕ ЭЛЕМЕНТЫ ЗАПИСИ (АБИС)
Тип экземпляра АБИС Книга

Нет доступных экземпляров.